مسارات وحدة الوجود في التصوف الإسلامي الله00الإنسان00العالم / (رقم التسجيلة. 122293)

تفاصيل مارك
000 -الفاتح
عناصر البيانات ثابتة الطول 00675cam a2200181 i 4500
005 - تاريخ ووقت آخر معاملة
حقل ضبط 20251230103126.0
008 - عناصر البيانات ثابتة الطول
عناصر البيانات ثابتة الطول 250721s2009 sy gr 000 0 ara d
082 14 - رقم تصنيف ديوي العشري
رقم التصنيف 218.9
رقم المادة ر ا ش
100 1# - مدخل رئيسي – اسم شخصي
الاسم الشخصي الراشد، محمد
علاقة الشخص بالعمل/ دوره مؤلف.
245 10 - بيان العنوان
العنوان مسارات وحدة الوجود في التصوف الإسلامي الله00الإنسان00العالم /
بيان المسؤولية محمد الراشد.
250 ## - بيان الطبعة
بيان الطبعة الطبعه الاولى.
264 31 - بيانات النشر، التوزيع…إلخ
مكان النشر، التوزيع...إلخ دمشق :
اسم الناشر، الموزع...إلخ صفحات للدراسات والنشر،
تاريخ النشر، التوزيع...إلخ 2009.
300 ## - الوصف المادي
عدد الوحدات المكونة للوعاء 287 صفحه.
650 17 - مدخل إضافي بالموضوع - مصطلح موضوعي
مصطلح موضوعي أو اسم جغرافي كعنصر مدخل التصوف الاسلامي.
650 17 - مدخل إضافي بالموضوع - مصطلح موضوعي
مصطلح موضوعي أو اسم جغرافي كعنصر مدخل نظريات التصوف.
942 ## - بيانات إضافية (كوها)
نوع التنصيف Dewey Decimal Classification
نوع المادة (كوها) كتب
المقتنيات
حالة السحب حالة الفقدان مصدر التصنيف حالة التلف غير قابل للإعارة المكتبة الرئيسية المكتبة الحالية موقع الرف تاريخ التزويد الرقم المتسلسل Total Checkouts رقم الإستدعاء الباركود تاريخ آخر ظهور تاريخ الفاتورة نوع المادة (كوها)
    Dewey Decimal Classification     المكتبة المركزية المكتبة المركزية الإعارة 28/07/2025 1457706   218.9 / ر ا ش PLD00165810 28/07/2025 28/07/2025 كتب
Implemented & Customized by: BBB with SCIT (Smart Chains for Information Technology)

Powered by Koha